Desarrollo se escribe con PYME: el caso chileno. Desafíos para el crecimiento
Zapisane w:
| Główni autorzy: | , , |
|---|---|
| Format: | Książka |
| Język: | hiszpański |
| Wydane: |
Santiago
CEPAL
2002
Santiago FUNDES 2002 Santiago Universidad de Chile 2002 |
| Wydanie: | 1a. ed |
| Hasła przedmiotowe: | |
| Etykiety: |
Dodaj etykietę
Nie ma etykietki, Dołącz pierwszą etykiete!
|
MARC
| LEADER | 00000cam a2200000 a 4500 | ||
|---|---|---|---|
| 001 | UCM2765 | ||
| 003 | CL-VaPUC | ||
| 008 | 020613e20020000cl |||||||||||||||||spa|d | ||
| 020 | |a 9567907110 | ||
| 082 | 0 | 4 | |a 338.983 |b BRA |2 21 |
| 100 | 0 | |a Bravo Urrutia, David |e author |9 469556 | |
| 700 | 0 | |a Crespi Tarantino, Gustavo |e author |9 469557 | |
| 700 | 0 | |a Gutiérrez Ayala, Irma |e author |9 469558 | |
| 245 | 1 | 0 | |a Desarrollo se escribe con PYME: el caso chileno. Desafíos para el crecimiento |
| 250 | |a 1a. ed | ||
| 300 | |a 145 p | ||
| 942 | |c BK | ||
| 945 | |d 20020613 00:00:00 |a cmena | ||
| 260 | |a Santiago |b CEPAL |c 2002 | ||
| 260 | |a Santiago |b FUNDES |c 2002 | ||
| 260 | |a Santiago |b Universidad de Chile |c 2002 | ||
| 650 | 0 | |a Desarrollo económico y social |9 256320 | |
| 650 | 7 | |a PYME |2 CL-VaPUC |9 469559 | |
| 650 | 0 | |a Estado y economía |9 383167 | |
| 650 | 7 | |a INDICADORES ECONOMICOS |2 CL-VaPUC |9 307122 | |
| 583 | |a last modification |c 20161202 10:35:02 |k Rodrigo Vera | ||
| 999 | |c 300486 |d 300484 | ||
| 952 | |0 0 |1 0 |4 0 |6 338_983000000000000_BRA_2002_2002_2002 |7 0 |8 F |9 358328 |a BIBGIM |b BIBGIM |d 2019-11-21 |i 381999K |o 338.983 BRA 2002 2002 2002 |p 381999K |r 2025-01-15 |w 2019-11-21 |y BK_F |k GIM | ||